| 000 | 00496nam a2200205Ia 4500 | ||
|---|---|---|---|
| 005 | 20240823030714.0 | ||
| 008 | 240823s9999||||xx |||||||||||||| ||und|| | ||
| 020 | _a978-0-07-070034-5 | ||
| 041 | _aENGLISH | ||
| 082 | _A620.106 Q0 | ||
| 100 | _aYunus A cengel | ||
| 245 | 0 | _aFluid Mechanics Fundamentals and Applications | |
| 250 | _a2nd | ||
| 260 |
_c2010 _b#VALUE! |
||
| 500 | _aYES | ||
| 650 |
_aMechanics _bMechanical |
||
| 700 | _a John M Cimbala | ||
| 942 | _cBK | ||
| 999 |
_c189336 _d189336 |
||